banner-ar

THINKING ABOUT LOGIC: AN INTRODUCATION TO THE PHILOSOPHY OF LOGIC / (Record no. 10257)

MARC details
000 -الفاتح
حقل البيانات ثابتة الطول 00460nam a2200169Ia 4500
008 - عناصر البيانات ثابتة الطول - معلومات عامة
حقل البيانات ثابتة الطول 140319s9999 xx 000 0 eng d
040 ## - مصدر الفهرسة
وكالة الفهرسة الأصلية GCL /
وكالة النسخ GCL
082 04 - رقم تصنيف ديوى العشرى
رقم التصنيف 162
رقم المادة R T
100 1# - المدخل الرئيسى - إسم شخصى
الإسم الشخصى READ, STEPHEN
245 10 - بيان العنوان
العنوان THINKING ABOUT LOGIC: AN INTRODUCATION TO THE PHILOSOPHY OF LOGIC /
بيان المسئوليه,etc READ, STEPHEN
260 ## - PUBLICATION, DISTRIBUTION, ETC. (IMPRINT)
تاريخ النشر أو التوزيع 1994
300 ## - الوصف المادى
التعداد 262
650 04 - المدخل الاضافى بالموضوع-مصطلح موضوعى
مصطلح موضوعي PHILOSOPHY
650 04 - المدخل الاضافى بالموضوع-مصطلح موضوعى
مصطلح موضوعي LOGIC
942 ## - عناصر المدخل الإضافي( كوها)
مصدر التصنيف او مخطط الترفيف Dewey Decimal Classification
Koha [default] item type كتاب
260 ## - PUBLICATION, DISTRIBUTION, ETC. (IMPRINT)
-- [S.N] :
-- OXFORD UNIVERSITY PRESS ،
Holdings
حالة التراجع حالة الفقد حالة تلف ليس للاعارة المكان المؤقت الموقع الحالى تاريخ الاكتساب اجمالي اﻻعارات رقم الطلب الباركود تاريخ اخر مشاهدة تاريخ تفعيل السعر نوع وعاء كوها
        مكتبة القاهرة الكبرى مكتبة القاهرة الكبرى 03/26/2014   162\R T 20896 03/26/2014 03/26/2014 كتاب

Powered By

EGPV